Представление документа в формате MARC21

Поле Инд. ПП Название Значение
Тип записи a
Библиографический уровень m
001 Контрольный номер 0e53f2cdb10846b99637a45879e4a3bd
005 Дата корректировки 20251204190303.5
084 a Индекс другой классификации/Индекс ББК 88
091 i Возрастная адресация (DOS) 16+
097 b Оператор Кондратьева; Пилюгина; Чирова
245 10 a Заглавие PSYCHOLOGIES / Психолоджис
n Номер части/ раздела 87
260 c Дата издания 2025
500 a Примечание ноябрь-декабрь
900 a Имя макрообъекта 0000003865161
901 t Тип документа s